[Event "DEM U10 2012"]
[Site "Oberhof GER"]
[Date "2012.05.30"]
[Round "7"]
[White "Könze, Heike"]
[Black "Gauchel, Verena"]
[Result "1/2-1/2"]
[Termination "normal"]
[Board "34"]
[WhiteElo "1172"]
[BlackElo "911"]
[PlyCount "63"]
[WhiteFideId "12964476"]
[BlackFideId "12988537"]
[EventCountry "GER"]
[EventRounds "11"]
[EventType "swiss"]
[EventDate "2012.05.26"]

1. e4 b6 2. d4 Bb7 3. Nc3 e6 4. Nf3 Bb4 5. Bd2 Bxc3 6. Bxc3 Bxe4 7. Bb5 Nf6 8.
Qe2 O-O 9. h4 d6 10. h5 Nxh5 11. Rxh5 Bg6 12. Rh2 Nd7 13. Bc6 Rb8 14. Be4 Bf5
15. O-O-O Re8 16. Qd3 Bxe4 17. Qxe4 g6 18. Qe3 Nf6 19. Qh6 d5 20. Bd2 Ng4 21.
Qxh7+ Kf8 22. Bg5 f6 23. Qh8+ Ke7 24. Qg7+ Kd6 25. Qxg6 Nxh2 26. Bf4+ Kd7 27.
Bxh2 Rg8 28. Qh7+ Qe7 29. Qh3 Rh8 30. Qg4 Rbg8 31. Qf4 Rxg2 32. Qxc7+ 1/2-1/2

[Event "DEM U10 2012"]
[Site "Oberhof GER"]
[Date "2012.05.30"]
[Round "7"]
[White "Pantsernaya, Sofya"]
[Black "Feil, Alexander"]
[Result "1-0"]
[Termination "normal"]
[Board "35"]
[WhiteElo "953"]
[BlackElo "1162"]
[PlyCount "141"]
[WhiteFideId "12993182"]
[BlackFideId "4002954"]
[EventCountry "GER"]
[EventRounds "11"]
[EventType "swiss"]
[EventDate "2012.05.26"]

1. e4 d5 2. exd5 c6 3. Nf3 cxd5 4. Be2 Nc6 5. O-O e5 6. d3 Nf6 7. Nc3 Bc5 8. a3
Bf5 9. b4 Bb6 10. b5 Nd4 11. Nxe5 O-O 12. Bg5 Nxe2+ 13. Nxe2 Re8 14. Nf3 Bg4
15. Ng3 h6 16. Bf4 Bd4 17. Rb1 Rc8 18. h3 Bxf3 19. Qxf3 Rxc2 20. Rbc1 Rxc1 21.
Rxc1 Qb6 22. Nf5 Bc5 23. Qg3 Bf8 24. Nxh6+ Kh8 25. Nxf7+ Kg8 26. Ng5 Qa5 27.
Be5 Qa4 28. Bxf6 gxf6 29. Ne4+ Kf7 30. Rc7+ Re7 31. Nd6+ Ke6 32. Rxe7+ Bxe7 33.
Ne8 Qd1+ 34. Kh2 Kd7 35. Ng7 Bd6 36. f4 Qd2 37. Qg4+ Kc7 38. Ne8+ Kb6 39. Nxd6
Qxd3 40. Qg3 Qd4 41. h4 Qc5 42. f5 d4 43. Ne4 Qe7 44. Nd2 Kxb5 45. Qb3+ Kc6 46.
Qa4+ b5 47. Qxd4 Kb7 48. Qe4+ Qxe4 49. Nxe4 a5 50. Nxf6 b4 51. axb4 axb4 52.
Ne4 Kc6 53. Kg3 b3 54. Nc3 b2 55. h5 Kc5 56. Kf2 Kc4 57. Nb1 Kb3 58. Ke2 Kc2
59. Nd2 b1=Q 60. Nxb1 Kxb1 61. h6 Kc2 62. h7 Kb1 63. h8=Q Kc2 64. Qd4 Kb3 65.
Qc5 Kb2 66. Qc4 Ka3 67. Qb5 Ka2 68. Qb4 Ka1 69. Kd2 Ka2 70. Kc2 Ka1 71. Qb2#
1-0

[Event "DEM U10 2012"]
[Site "Oberhof GER"]
[Date "2012.05.30"]
[Round "7"]
[White "Finke, Daniel"]
[Black "Hartmann, Jasmin"]
[Result "1/2-1/2"]
[Termination "normal"]
[Board "36"]
[WhiteElo "989"]
[BlackElo "832"]
[PlyCount "77"]
[WhiteFideId "16217675"]
[BlackFideId "12988898"]
[EventCountry "GER"]
[EventRounds "11"]
[EventType "swiss"]
[EventDate "2012.05.26"]

1. e4 d5 2. exd5 Qxd5 3. Nc3 Qd6 4. d4 c6 5. Nf3 Bg4 6. h3 Bh5 7. g4 Bg6 8. Nh4
Nd7 9. Nxg6 Qxg6 10. Bc4 Qd6 11. a3 e6 12. Be3 g6 13. Qe2 Bg7 14. O-O-O Ngf6
15. f3 O-O-O 16. Ne4 Nxe4 17. fxe4 Nb6 18. e5 Qc7 19. Ba2 Na4 20. Bb3 Nb6 21.
Bg5 Rd7 22. Rd3 Rf8 23. Rf1 c5 24. Rc3 Rxd4 25. Bf4 c4 26. g5 Nd5 27. Rxc4 Rxc4
28. Bxc4 Nxf4 29. Rxf4 Bxe5 30. Bxe6+ Kb8 31. Rxf7 Bxb2+ 32. Kxb2 Rxf7 33. Bxf7
Qxf7 34. Qe5+ Qc7 35. Qh8+ Qc8 36. Qxh7 Qf5 37. h4 Kc8 38. h5 Qb5+ 39. Ka2
1/2-1/2

[Event "DEM U10 2012"]
[Site "Oberhof GER"]
[Date "2012.05.30"]
[Round "7"]
[White "Kukulina, Sonja"]
[Black "Bürmann, Theresia"]
[Result "0-1"]
[Termination "normal"]
[Board "37"]
[WhiteElo "948"]
[BlackElo "981"]
[PlyCount "110"]
[WhiteFideId "12977047"]
[BlackFideId "12960241"]
[EventCountry "GER"]
[EventRounds "11"]
[EventType "swiss"]
[EventDate "2012.05.26"]

1. e4 e5 2. d4 Nc6 3. dxe5 Nxe5 4. f4 Nc6 5. Nf3 Bc5 6. b3 Nf6 7. Nbd2 d5 8.
exd5 Nxd5 9. Ne4 Bb4+ 10. Bd2 O-O 11. Bxb4 Ncxb4 12. Qd2 Qe7 13. Bd3 f5 14. Bc4
Qxe4+ 15. Kd1 c6 16. Qxb4 b5 17. Bxd5+ Qxd5+ 18. Qd4 Qxd4+ 19. Nxd4 Rd8 20. c3
c5 21. Kc2 cxd4 22. cxd4 Rxd4 23. g3 Bb7 24. Rhe1 Rad8 25. Re2 Be4+ 26. Kc3 Rd1
27. Rxd1 Rxd1 28. g4 g6 29. gxf5 Bxf5 30. Re8+ Kf7 31. Ra8 Rc1+ 32. Kb4 Rc2 33.
Rxa7+ Ke6 34. Kxb5 Rxh2 35. a4 h5 36. a5 Ra2 37. b4 h4 38. Rh7 h3 39. a6 h2 40.
a7 Be4 41. Kb6 h1=Q 42. Rxh1 Bxh1 43. b5 Kf5 44. a8=Q Bxa8 45. Kc7 Rb2 46. b6
Kxf4 47. Kb8 Bf3 48. b7 Rxb7+ 49. Ka8 Rb1+ 50. Ka7 g5 51. Ka6 g4 52. Ka5 g3 53.
Ka6 g2 54. Ka7 g1=Q+ 55. Ka6 Qb6# 0-1

[Event "DEM U10 2012"]
[Site "Oberhof GER"]
[Date "2012.05.30"]
[Round "7"]
[White "Flach, Helene"]
[Black "Weiten, Teresa"]
[Result "1-0"]
[Termination "normal"]
[Board "38"]
[WhiteElo "974"]
[BlackElo "834"]
[PlyCount "76"]
[WhiteFideId "12929735"]
[BlackFideId "12971944"]
[EventCountry "GER"]
[EventRounds "11"]
[EventType "swiss"]
[EventDate "2012.05.26"]

1. e4 e5 2. Nf3 Nc6 3. Bc4 Bc5 4. Nc3 Nf6 5. d3 d6 6. h3 O-O 7. Bg5 Be6 8. Nd5
Bxd5 9. Bxd5 Qe7 10. O-O h6 11. Bh4 Nb4 12. Bc4 c6 13. c3 Na6 14. d4 exd4 15.
cxd4 Bb4 16. a3 Ba5 17. b4 Bc7 18. Re1 c5 19. e5 dxe5 20. dxe5 Rad8 21. Qc2
cxb4 22. exf6 Qc5 23. fxg7 Kxg7 24. Bxd8 Rxd8 25. Qb3 Bb8 26. Re2 Nc7 27. Bxf7
Qf5 28. Be6 Nxe6 29. Qxe6 Qxe6 30. Rxe6 Bc7 31. Re7+ Kf6 32. Rxc7 bxa3 33. Rxa3
Rd1+ 34. Kh2 Rd6 35. Rxb7 Re6 36. Rbxa7 Rd6 37. R3a6 Rxa6 38. Rxa6+ Ke7 1-0

[Event "DEM U10 2012"]
[Site "Oberhof GER"]
[Date "2012.05.30"]
[Round "7"]
[White "Baladjaev, Leyla"]
[Black "Schönweiler, Elisabeth"]
[Result "1-0"]
[Termination "normal"]
[Board "39"]
[WhiteElo "1113"]
[BlackElo "832"]
[PlyCount "77"]
[WhiteFideId "12960217"]
[BlackFideId "12997005"]
[EventCountry "GER"]
[EventRounds "11"]
[EventType "swiss"]
[EventDate "2012.05.26"]

1. d4 d5 2. Nf3 Bf5 3. g3 Nf6 4. Bg2 Nc6 5. a3 e6 6. Nh4 Bg6 7. Nxg6 hxg6 8.
O-O Bd6 9. e3 Nd7 10. c4 Nf6 11. Nd2 Qd7 12. b3 O-O-O 13. Bb2 Qe8 14. Nf3 Qg8
15. Ng5 Rh5 16. h4 Rf8 17. Bf3 Rh8 18. e4 dxe4 19. Nxe4 Nxe4 20. Bxe4 Ne7 21.
Qf3 c6 22. Qc3 Nf5 23. Bxf5 gxf5 24. d5 Qh7 25. Qxg7 Rfg8 26. Qxh7 Rxh7 27.
dxe6 fxe6 28. Rad1 f4 29. Rxd6 fxg3 30. fxg3 Rxg3+ 31. Kh2 Rg4 32. Bf6 Rh6 33.
Rxe6 Kd7 34. Re7+ Kd6 35. Rd1+ Kc5 36. Re5+ Kb6 37. Bd8+ Ka6 38. a4 Rh7 39.
Ra5# 1-0

[Event "DEM U10 2012"]
[Site "Oberhof GER"]
[Date "2012.05.30"]
[Round "7"]
[White "Kurz, Annika"]
[Black "Bierfreund, Trine"]
[Result "0-1"]
[Termination "normal"]
[Board "40"]
[WhiteElo "881"]
[BlackElo "1083"]
[PlyCount "58"]
[BlackFideId "12957372"]
[EventCountry "GER"]
[EventRounds "11"]
[EventType "swiss"]
[EventDate "2012.05.26"]

1. e4 e5 2. Nf3 Nc6 3. d4 exd4 4. Bc4 Nf6 5. c3 Nxe4 6. cxd4 d5 7. Bb5 g6 8.
Bf4 Bb4+ 9. Nc3 Nxc3 10. b3 Nxd1+ 11. Kxd1 O-O 12. Kc1 Bf5 13. h3 Bc3 14. Ne5
Nxe5 15. Bxe5 Bxa1 16. g4 Be4 17. Rg1 c6 18. h4 Qc8 19. h5 cxb5+ 20. Kd2 Qc2+
21. Ke3 Bxd4+ 22. Bxd4 Qd3+ 23. Kf4 Qxd4 24. Kg3 Qd3+ 25. Kh4 f6 26. g5 fxg5+
27. Kxg5 Rf5+ 28. Kh4 Rxh5+ 29. Kg4 Qf3# 0-1

[Event "DEM U10 2012"]
[Site "Oberhof GER"]
[Date "2012.05.30"]
[Round "7"]
[White "Ewerhardy, Moritz"]
[Black "Petrow, Jonas"]
[Result "1-0"]
[Termination "normal"]
[Board "41"]
[WhiteElo "832"]
[BlackElo "1067"]
[PlyCount "76"]
[WhiteFideId "36052086"]
[BlackFideId "12991805"]
[EventCountry "GER"]
[EventRounds "11"]
[EventType "swiss"]
[EventDate "2012.05.26"]

1. e4 c5 2. Nf3 Nc6 3. d4 cxd4 4. Nxd4 d6 5. Nc3 Nf6 6. Bg5 e6 7. Be2 Be7 8.
Be3 O-O 9. O-O a6 10. Qd2 Qc7 11. Rab1 b5 12. b4 Bb7 13. Qd3 h6 14. Qd2 Rac8
15. Rb3 Nxb4 16. a3 Nc6 17. f4 Na5 18. Rbb1 Qxc3 19. Qc1 Bxe4 20. Bd1 Ng4 21.
Bxg4 Bxc2 22. Nxc2 Qxc2 23. Bd2 Nb3 24. Qxc2 Rxc2 25. Bb4 Nd4 26. Kh1 Re8 27.
Rfd1 Nc6 28. Bxd6 Rc8 29. f5 h5 30. Bf3 Bxd6 31. Rxd6 exf5 32. Bxh5 Re8 33. Bf3
Na5 34. Rxa6 Rb2 35. Rg1 Nc4 36. a4 Nd2 37. h3 Nxf3 38. gxf3 Ree2 1-0

[Event "DEM U10 2012"]
[Site "Oberhof GER"]
[Date "2012.05.30"]
[Round "7"]
[White "Giss, Alexander"]
[Black "Schumacher, Simon"]
[Result "1/2-1/2"]
[Termination "normal"]
[Board "42"]
[WhiteElo "877"]
[BlackElo "968"]
[PlyCount "58"]
[WhiteFideId "16260414"]
[EventCountry "GER"]
[EventRounds "11"]
[EventType "swiss"]
[EventDate "2012.05.26"]

1. e4 d5 2. exd5 Qxd5 3. Nc3 Qa5 4. d4 Nf6 5. Bd2 c6 6. Bd3 Qb6 7. b3 Qxd4 8.
Nf3 Qb6 9. O-O Bg4 10. h3 Bxf3 11. Qxf3 e6 12. Na4 Qc7 13. Rfe1 Bd6 14. g3 Nbd7
15. Rad1 Ne5 16. Qe2 O-O 17. Bg5 Ned7 18. c4 c5 19. Nc3 h6 20. Bxf6 Nxf6 21.
Ne4 Be7 22. Nxf6+ Bxf6 23. Qe4 g6 24. Qf3 Bg7 25. Be4 Rab8 26. Rd2 f5 27. Bb1
Qa5 28. Ree2 Rf7 29. Rd6 Qa3 1/2-1/2

[Event "DEM U10 2012"]
[Site "Oberhof GER"]
[Date "2012.05.30"]
[Round "7"]
[White "Schmiederer, Luisa"]
[Black "Silber, Fabian"]
[Result "1/2-1/2"]
[Termination "normal"]
[Board "43"]
[WhiteElo "850"]
[BlackElo "838"]
[PlyCount "45"]
[BlackFideId "12947288"]
[EventCountry "GER"]
[EventRounds "11"]
[EventType "swiss"]
[EventDate "2012.05.26"]

1. e4 e5 2. Nc3 Bc5 3. Nf3 Nc6 4. Bc4 Nf6 5. d3 h6 6. Bd2 d6 7. h3 O-O 8. Nd5
Be6 9. Nh4 a6 10. c3 Na5 11. Nf5 Bxf5 12. exf5 Nxc4 13. dxc4 c6 14. Ne3 Ne4 15.
Bc1 Qf6 16. Qf3 Ng5 17. Qh5 Ne4 18. Ng4 Qe7 19. Nxh6+ Kh8 20. Nxf7+ Kg8 21. Ng5
Nf6 22. Qh4 Rfe8 23. Ne6 1/2-1/2

[Event "DEM U10 2012"]
[Site "Oberhof GER"]
[Date "2012.05.30"]
[Round "7"]
[White "Leib, Amina"]
[Black "Hasenburg, Juliana"]
[Result "1-0"]
[Termination "normal"]
[Board "44"]
[WhiteElo "754"]
[BlackElo "776"]
[PlyCount "55"]
[WhiteFideId "12982970"]
[EventCountry "GER"]
[EventRounds "11"]
[EventType "swiss"]
[EventDate "2012.05.26"]

1. e4 e5 2. Nf3 Nc6 3. Bc4 Bc5 4. Ng5 Qxg5 5. d3 Qxg2 6. Kd2 Qxf2+ 7. Qe2 Qf4+
8. Kd1 Qh4 9. Rg1 Bxg1 10. Nc3 Nd4 11. Qg2 d6 12. Qxg7 Bg4+ 13. Kd2 Qf2+ 14.
Ne2 Qxe2+ 15. Kc3 Qe1+ 16. Bd2 Qf2 17. Rxg1 Ne2+ 18. Kb4 Qc5+ 19. Kb3 Nd4+ 20.
Kc3 Be6 21. Qxh8 Ne2+ 22. Kb3 Qxg1 23. Bxe6 Nd4+ 24. Kb4 Nc6+ 25. Kb3 Qb6+ 26.
Kc4 Rd8 27. Qxg8+ Ke7 28. Qxf7# 1-0

[Event "DEM U10 2012"]
[Site "Oberhof GER"]
[Date "2012.05.31"]
[Round "8"]
[White "Graf, Justus Felix"]
[Black "Tong, Kevin"]
[Result "1/2-1/2"]
[Termination "normal"]
[Board "1"]
[WhiteElo "1507"]
[BlackElo "1612"]
[PlyCount "41"]
[WhiteFideId "12929212"]
[BlackFideId "12913944"]
[EventCountry "GER"]
[EventRounds "11"]
[EventType "swiss"]
[EventDate "2012.05.26"]

1. e4 c5 2. Nf3 g6 3. d4 cxd4 4. Nxd4 Bg7 5. Be3 Nf6 6. Nc3 Nc6 7. Bc4 d6 8. h3
O-O 9. O-O Bd7 10. Bb3 a6 11. Re1 b5 12. Nd5 Nxd5 13. exd5 Na5 14. c3 Rc8 15.
Qe2 Bf6 16. Bh6 Re8 17. Bc2 Qc7 18. Qe4 Nc4 19. Rab1 Qc5 20. Nb3 Qb6 21. Qf3
1/2-1/2

[Event "DEM U10 2012"]
[Site "Oberhof GER"]
[Date "2012.05.31"]
[Round "8"]
[White "Mantel, Ruben"]
[Black "Rockmann, Jan-Okke"]
[Result "1/2-1/2"]
[Termination "normal"]
[Board "2"]
[WhiteElo "1539"]
[BlackElo "1767"]
[PlyCount "55"]
[WhiteFideId "12930121"]
[BlackFideId "12942111"]
[EventCountry "GER"]
[EventRounds "11"]
[EventType "swiss"]
[EventDate "2012.05.26"]

1. f4 e5 2. e4 exf4 3. Nf3 Ne7 4. d4 d5 5. Nc3 dxe4 6. Nxe4 Nd5 7. Bd3 Be7 8.
O-O Bg4 9. Qe1 Ne3 10. Bxe3 fxe3 11. Qxe3 Bxf3 12. Rxf3 O-O 13. Rh3 f5 14. Ng3
g6 15. c3 Bg5 16. Qe6+ Kg7 17. Rf1 Qe7 18. Bxf5 Qxe6 19. Bxe6 Be3+ 20. Kh1
Rxf1+ 21. Nxf1 Bg5 22. Ng3 Nc6 23. Ne4 Bc1 24. Rf3 Nd8 25. Bb3 Bxb2 26. Nd2 Ba3
27. Nc4 Be7 28. Ne5 1/2-1/2

[Event "DEM U10 2012"]
[Site "Oberhof GER"]
[Date "2012.05.31"]
[Round "8"]
[White "Renger, Niklas"]
[Black "Mätzkow, Maximilian Paul"]
[Result "0-1"]
[Termination "normal"]
[Board "3"]
[WhiteElo "1622"]
[BlackElo "1685"]
[PlyCount "98"]
[WhiteFideId "12908096"]
[BlackFideId "24679933"]
[EventCountry "GER"]
[EventRounds "11"]
[EventType "swiss"]
[EventDate "2012.05.26"]

1. e4 c5 2. Nf3 g6 3. d4 cxd4 4. Nxd4 Bg7 5. Nc3 Nc6 6. Be3 Nf6 7. Bc4 O-O 8.
Bb3 Qa5 9. O-O d6 10. h3 Bd7 11. Re1 Rac8 12. Qe2 Nxd4 13. Bxd4 Bc6 14. Rad1 a6
15. Nd5 Bxd5 16. exd5 Rfe8 17. c3 b5 18. Qe3 Qc7 19. Re2 Qb7 20. Qd2 Nd7 21.
Bxg7 Kxg7 22. Rde1 Nc5 23. Bc2 Qd7 24. Re3 Rc7 25. Qd4+ Kg8 26. b4 Nb7 27. Bb3
a5 28. a3 axb4 29. axb4 f6 30. Rf3 Nd8 31. Qh4 Nf7 32. Qg3 Ne5 33. Rfe3 Kg7 34.
f4 Nf7 35. h4 Nh6 36. Re6 Nf5 37. Qf3 Qc8 38. Rc1 Nd4 39. Qe3 Nxe6 40. dxe6 Qa6
41. Kh2 Qa3 42. Bd1 Rec8 43. Rb1 Rxc3 44. Qe4 Qa8 45. Qd4 Qc6 46. Bf3 Qc4 47.
Qd2 Qd3 48. Qe1 Qf5 49. Qd2 Qxb1 0-1

[Event "DEM U10 2012"]
[Site "Oberhof GER"]
[Date "2012.05.31"]
[Round "8"]
[White "Keymer, Vincent"]
[Black "Biastoch, Bennet"]
[Result "1/2-1/2"]
[Termination "normal"]
[Board "4"]
[WhiteElo "1721"]
[BlackElo "1488"]
[PlyCount "120"]
[WhiteFideId "12940690"]
[BlackFideId "12939889"]
[EventCountry "GER"]
[EventRounds "11"]
[EventType "swiss"]
[EventDate "2012.05.26"]

1. e4 c5 2. c3 Nf6 3. e5 Nd5 4. d4 cxd4 5. Nf3 Nc6 6. cxd4 e6 7. Nc3 d6 8. Nxd5
exd5 9. Bd3 Be7 10. O-O O-O 11. Qc2 h6 12. exd6 Bxd6 13. Qd1 Bg4 14. Be2 Qc7
15. h3 Bh5 16. b3 Rfe8 17. Bb2 Rac8 18. Rc1 Qe7 19. Re1 Qf6 20. Ne5 Bxe2 21.
Rxe2 Qf4 22. g3 Qf5 23. Nxc6 Rxe2 24. Qxe2 bxc6 25. Kg2 Qe6 26. Qa6 Bb8 27. Re1
Qd7 28. Re7 Qd8 29. Qb7 Rc7 30. Rxc7 Qxc7 31. Qxc7 Bxc7 32. Kf3 f5 33. Ba3 Kf7
34. h4 Kg6 35. Bc5 a6 36. b4 h5 37. Be7 Kf7 38. Bg5 g6 39. Bf4 Bxf4 40. Kxf4
Kf6 41. a4 Ke6 42. Kg5 Kf7 43. f3 Kg7 44. g4 fxg4 45. fxg4 hxg4 46. Kxg4 Kf7
47. h5 gxh5+ 48. Kxh5 Kf6 49. Kg4 Kg6 50. Kf4 Kf6 51. a5 Ke6 52. Kg5 Ke7 53.
Kh5 Kf7 54. Kh4 Kf6 55. Kg4 Kg6 56. Kf4 Kf6 57. Kg4 Ke6 58. Kg5 Ke7 59. Kf5 Kf7
60. Kg4 Kg6 1/2-1/2

[Event "DEM U10 2012"]
[Site "Oberhof GER"]
[Date "2012.05.31"]
[Round "8"]
[White "Schilay, Lorenz"]
[Black "Shoipov, Dennie"]
[Result "1-0"]
[Termination "normal"]
[Board "6"]
[WhiteElo "1494"]
[BlackElo "1447"]
[PlyCount "111"]
[WhiteFideId "12930180"]
[BlackFideId "14137755"]
[EventCountry "GER"]
[EventRounds "11"]
[EventType "swiss"]
[EventDate "2012.05.26"]

1. e4 e5 2. Nf3 Nc6 3. Nc3 Nf6 4. a3 Be7 5. d4 d6 6. dxe5 dxe5 7. Qxd8+ Kxd8 8.
Bb5 Bd6 9. Bg5 Be6 10. O-O-O a6 11. Bxc6 bxc6 12. Nxe5 Ke8 13. Nxc6 Nd7 14. Nd4
Nf8 15. Nxe6 Nxe6 16. Be3 f6 17. g3 Kf7 18. f4 Rhe8 19. Rhf1 Kg8 20. Rfe1 h6
21. Bf2 Nd8 22. Rd5 Nf7 23. Bc5 Rad8 24. Bxd6 cxd6 25. Kd2 Rb8 26. b3 Kh7 27.
Ra5 Ra8 28. Nd5 Ra7 29. Nb4 Rea8 30. Re3 g5 31. Rd3 Kg7 32. a4 Kf8 33. Rc3 Nd8
34. Rf5 Kg7 35. Nd5 Rf7 36. h4 Ne6 37. Ke3 Kg6 38. fxg5 hxg5 39. Rc6 Re8 40.
Rxd6 Kg7 41. b4 a5 42. c3 g4 43. Ra6 axb4 44. cxb4 Kg6 45. h5+ Kg7 46. Nxf6
Rxf6 47. Ra7+ Kh6 48. Rxf6+ Kxh5 49. Rff7 Ng5 50. Rfe7 Rf8 51. Ra5 Kg6 52. Rf5
Rb8 53. Ree5 Nh7 54. Rb5 Ra8 55. a5 Rc8 56. Rbc5 1-0

[Event "DEM U10 2012"]
[Site "Oberhof GER"]
[Date "2012.05.31"]
[Round "8"]
[White "Rose, Luis Stratos"]
[Black "Engel, Luis"]
[Result "0-1"]
[Termination "normal"]
[Board "7"]
[WhiteElo "1372"]
[BlackElo "1463"]
[PlyCount "74"]
[WhiteFideId "12976008"]
[BlackFideId "12961523"]
[EventCountry "GER"]
[EventRounds "11"]
[EventType "swiss"]
[EventDate "2012.05.26"]

1. d4 Nf6 2. Nf3 g6 3. c4 Bg7 4. Nc3 O-O 5. e4 d6 6. Be2 Na6 7. O-O e5 8. d5
Nc5 9. Qc2 a5 10. b3 Bd7 11. h3 Ne8 12. Ne1 f5 13. f3 f4 14. Rb1 Qg5 15. Kh1
Qg3 16. Bd1 h5 17. Qf2 Qg5 18. Bd2 Qh6 19. Qe2 g5 20. Kg1 Qg6 21. Rb2 Nf6 22.
Bc1 g4 23. fxg4 hxg4 24. hxg4 Bxg4 25. Nf3 Bd7 26. Bc2 Nh5 27. Rd1 Ng3 28. Qe1
Qh5 29. Kf2 Kf7 30. Rd2 Rh8 31. Bb1 Qg6 32. Bc2 Rh1 33. Ng1 Rah8 34. Bb1 Rxg1
35. Qxg1 Rh1 36. Qxh1 Nxh1+ 37. Ke1 Qg3+ 0-1

[Event "DEM U10 2012"]
[Site "Oberhof GER"]
[Date "2012.05.31"]
[Round "8"]
[White "Niemann, Alexander"]
[Black "Schneider, Jana"]
[Result "0-1"]
[Termination "normal"]
[Board "8"]
[WhiteElo "1403"]
[BlackElo "1462"]
[PlyCount "134"]
[WhiteFideId "12939862"]
[BlackFideId "12924997"]
[EventCountry "GER"]
[EventRounds "11"]
[EventType "swiss"]
[EventDate "2012.05.26"]

1. e4 e5 2. Nf3 Nc6 3. Bc4 Bc5 4. O-O Nf6 5. d4 exd4 6. e5 Ng4 7. Bxf7+ Kxf7 8.
Ng5+ Ke7 9. Qxg4 Qe8 10. Ne4 Bb4 11. Qxg7+ Kd8 12. Bg5+ Be7 13. Bf6 Rg8 14.
Qxh7 Qg6 15. Bxe7+ Nxe7 16. Qxg6 Rxg6 17. f4 Rg7 18. Nbd2 b6 19. Nf6 Bb7 20. g3
Nf5 21. Nb3 Ne3 22. Rf2 c5 23. Rc1 Kc7 24. c3 dxc3 25. bxc3 Rf8 26. Re1 Nd5 27.
Nxd5+ Bxd5 28. Rd1 Be6 29. Nc1 Kc6 30. a3 Kb5 31. Rdd2 Ka4 32. Rb2 Rgf7 33. Kf1
Rd8 34. Rfd2 Re8 35. Ke1 Rh7 36. Kd1 Reh8 37. Rf2 Rh5 38. Ke1 Ka5 39. Rg2 Bg4
40. Nd3 Ka6 41. Nf2 Bf3 42. g4 Bxg2 43. gxh5 Rxh5 44. Ng4 Bh3 45. Nf6 Rh4 46.
Rf2 Be6 47. f5 Bc4 48. Nxd7 Re4+ 49. Kd2 Kb7 50. e6 Kc7 51. f6 Rxe6 52. f7 Rd6+
53. Kc2 Bxf7 54. Rxf7 Rxd7 55. Rxd7+ Kxd7 56. Kd3 b5 57. h4 a5 58. h5 Ke7 59.
Kc2 b4 60. Kd3 b3 61. c4 a4 62. Kd2 Kf6 63. h6 Kg6 64. h7 Kxh7 65. Kd3 Kg6 66.
Kd2 Kf5 67. Kd3 Ke5 0-1

[Event "DEM U10 2012"]
[Site "Oberhof GER"]
[Date "2012.05.31"]
[Round "8"]
[White "Hofele, Mathis"]
[Black "Wierzbicki, Jirawat"]
[Result "0-1"]
[Termination "normal"]
[Board "9"]
[WhiteElo "1273"]
[BlackElo "1541"]
[PlyCount "86"]
[WhiteFideId "12963844"]
[BlackFideId "1153579"]
[EventCountry "GER"]
[EventRounds "11"]
[EventType "swiss"]
[EventDate "2012.05.26"]

1. e4 e5 2. Nf3 Nc6 3. Bb5 a6 4. Ba4 Nf6 5. O-O Be7 6. Re1 b5 7. Bb3 d6 8. c3
O-O 9. d4 Nd7 10. Nbd2 Na5 11. Bc2 c5 12. a4 bxa4 13. Bxa4 Qc7 14. d5 Nb6 15.
h3 Nac4 16. Nxc4 Nxc4 17. Be3 Nxb2 18. Qc2 Nxa4 19. Qxa4 f5 20. Nd2 f4 21. Nc4
fxe3 22. Nxe3 Bd7 23. Qc2 Bh4 24. Re2 Rf7 25. Nf5 Bxf5 26. exf5 Qb7 27. c4 Rff8
28. g3 Bf6 29. Rb1 Qc7 30. Qa4 Rfb8 31. Rxb8+ Qxb8 32. Kg2 Qb7 33. f4 Rb8 34.
g4 exf4 35. Re8+ Kf7 36. Rxb8 Qxb8 37. Qd7+ Be7 38. Qe6+ Kf8 39. Kf3 Qb3+ 40.
Kf2 Qg3+ 41. Kf1 Qxh3+ 42. Kg1 Qxg4+ 43. Kf1 Qh3+ 0-1

[Event "DEM U10 2012"]
[Site "Oberhof GER"]
[Date "2012.05.31"]
[Round "8"]
[White "Liebeck, Eddie"]
[Black "ter Stal, Sven"]
[Result "0-1"]
[Termination "normal"]
[Board "10"]
[WhiteElo "1273"]
[BlackElo "1498"]
[PlyCount "184"]
[WhiteFideId "12945854"]
[BlackFideId "12946443"]
[EventCountry "GER"]
[EventRounds "11"]
[EventType "swiss"]
[EventDate "2012.05.26"]

1. d4 f5 2. c4 Nf6 3. Nc3 d6 4. Nf3 g6 5. Bg5 Bg7 6. h3 O-O 7. e3 Qe8 8. Bd3 e5
9. Be2 e4 10. Nd2 c6 11. d5 c5 12. Nb5 Qe7 13. Bf4 Ne8 14. Rb1 a6 15. Na3 Nd7
16. Nc2 Ne5 17. Nb3 Rb8 18. O-O Kf7 19. Kh1 Rh8 20. f3 exf3 21. Bxf3 Nxc4 22.
Qc1 Rf8 23. Be2 Nb6 24. Qd2 Kg8 25. Na5 Nf6 26. Bf3 Bd7 27. Na3 Be8 28. N3c4
Nxc4 29. Nxc4 Rd8 30. Qa5 b5 31. Nd2 Ra8 32. Qb6 Qd8 33. Qxd6 c4 34. Qxd8 Rxd8
35. Bc7 Rd7 36. d6 Nh5 37. Kg1 Ng3 38. Rfe1 Be5 39. Bc6 Rxc7 40. Bd5+ Bf7 41.
dxc7 Bxd5 42. Nf1 Bxc7 43. Nxg3 Bxg3 44. Re2 Be4 45. Rd1 Bd3 46. Red2 Re8 47.
b3 Rxe3 48. bxc4 bxc4 49. Rb2 Re1+ 50. Rxe1 Bxe1 51. Rb8+ Kg7 52. Re8 Bg3 53.
Re3 Bf4 54. Rf3 Bd2 55. Kf2 c3 56. Rxd3 c2 57. Rxd2 c1=Q 58. Ke2 Qc4+ 59. Kf2
Qf4+ 60. Ke2 Qe4+ 61. Kf2 f4 62. Re2 Qd4+ 63. Kf3 Qd3+ 64. Kf2 Qg3+ 65. Kf1 f3
66. Rf2 fxg2+ 67. Rxg2 Qxh3 68. Kf2 Qe6 69. Kf1 a5 70. Re2 Qc4 71. Kf2 a4 72.
Ke3 a3 73. Rd2 h5 74. Rd7+ Kh6 75. Rd4 Qxa2 76. Rd2 Qxd2+ 77. Kxd2 a2 78. Kd3
a1=Q 79. Ke4 Qf6 80. Ke3 Qf5 81. Kd4 Qe6 82. Kc5 Qd7 83. Kc4 Qd6 84. Kc3 Qd5
85. Kc2 Qd4 86. Kb3 Qc5 87. Kb2 Qc4 88. Kb1 Qe2 89. Kc1 h4 90. Kb1 h3 91. Kc1
h2 92. Kb1 h1=Q# 0-1

[Event "DEM U10 2012"]
[Site "Oberhof GER"]
[Date "2012.05.31"]
[Round "8"]
[White "Kopylov, Daniel"]
[Black "Yankelevich, Michael"]
[Result "0-1"]
[Termination "normal"]
[Board "11"]
[WhiteElo "1623"]
[BlackElo "1718"]
[PlyCount "124"]
[WhiteFideId "12921971"]
[BlackFideId "12921440"]
[EventCountry "GER"]
[EventRounds "11"]
[EventType "swiss"]
[EventDate "2012.05.26"]

1. d4 d5 2. c4 c6 3. Nc3 Nf6 4. Nf3 e6 5. Bg5 h6 6. Bh4 Be7 7. e3 Nbd7 8. Bd3
O-O 9. O-O Nb6 10. c5 Nbd7 11. b4 b6 12. Rb1 b5 13. a4 a6 14. Qb3 Bb7 15. Rfc1
Re8 16. axb5 axb5 17. Nxb5 cxb5 18. c6 Bxc6 19. Rxc6 Qb8 20. Bg3 Qb7 21. Rc7
Qa6 22. h3 Rec8 23. Rbc1 Rxc7 24. Rxc7 Qa4 25. Bc2 Qxb3 26. Bxb3 Ra1+ 27. Kh2
Rb1 28. Rc8+ Nf8 29. Nd2 Rb2 30. Rc2 Rxc2 31. Bxc2 Bxb4 32. Nb3 Bc3 33. Bd3 b4
34. f3 N8d7 35. Kg1 Nb6 36. Kf1 Nc4 37. Bf2 Kf8 38. Ke2 Ke7 39. Bg3 Nd7 40. Nc5
Nxc5 41. dxc5 Kd7 42. e4 Kc6 43. Bf2 b3 44. Kd1 Nb2+ 45. Ke2 Nxd3 46. Kxd3 b2
47. Kc2 d4 48. Bg3 d3+ 49. Kb1 d2 50. Kc2 d1=Q+ 51. Kxd1 b1=Q+ 52. Ke2 Kxc5 53.
Bf2+ Bd4 54. Be1 Qc2+ 55. Kf1 Bc3 56. Bf2+ Kc4 57. g4 Kd3 58. Kg1 Bd4 59. Bxd4
Kxd4 60. e5 Ke3 61. Kh1 Kxf3 62. h4 Qg2# 0-1